000 00441nam a2200193Ia 4500
005 20250603145402.0
008 250603s9999 xx 000 0 und d
020 _a9780333778210
050 _aHB 171.5 .K68/
100 _aKoutsoyiannis, A.
245 0 _aModern microeconomics
250 _a2nd ed.
260 _aNew York
260 _bPalgrave Macmillan
260 _c2002
300 _a581 p
650 _aNew York
942 _cBK
999 _c41707
_d41707